| 000 | 01131nam a22003257a 4500 | ||
|---|---|---|---|
| 003 | CHAP | ||
| 005 | 20220329134019.0 | ||
| 008 | 971013s1980 r 00010 d | ||
| 010 | _a14091 | ||
| 011 | _a15063 | ||
| 035 | _a19137 | ||
| 040 | _cCHAP | ||
| 090 | _aTesis | ||
| 100 | 0 | 0 |
_aGonzález Herrera, Raúl Benjamín. _949056 |
| 245 | _aCausas de desecho por problemas reproductivos en vacas de la raza Holstein de la Cuenca lechera de Tizayuca, Hidalgo | ||
| 260 |
_aMéxico, D.F. : _bEl autor, _c1980 |
||
| 300 |
_a43 h. _b: gráfs |
||
| 502 | _aTesis (Médico Veterinario Zootecnista) -- UNAM. Fac. de Medicina Veterinaria y Zootecnia | ||
| 590 |
_aALEPH _b10 _c20130110 _lUCH01 _h1234 |
||
| 590 |
_aBATCH-UPD _b10 _c20130110 _lUCH01 _h1659 |
||
| 590 |
_aBATCH-UPD _b10 _c20130410 _lUCH01 _h1047 |
||
| 590 |
_aBATCH-UPD _b10 _c20130914 _lUCH01 _h1511 |
||
| 590 |
_aCONVERSION _b10 _c20130109 _lUCH01 _h1309 |
||
| 650 | 1 | 4 |
_aGanado Holstein. _945133 |
| 650 | 1 | 4 |
_aGanado lechero _xFecundidad. _945264 |
| 650 | 1 | 4 |
_aGanado lechero _xHidalgo. _945270 |
| 901 | _aBK | ||
| 942 | _cTESIS | ||
| 949 |
_bBC _cTES _d-44357 _eTS1 _i19137 _si |
||
| 999 |
_c14091 _d14091 |
||